|
|
|
|
| LEADER |
00000nam0a2200000 4500 |
| 001 |
26468 |
| 005 |
20231101205730.0 |
| 010 |
|
|
|a 5020030899
|
| 035 |
|
|
|a (RuTPU)RU\TPU\book\26712
|
| 035 |
|
|
|a BOOK00026787
|
| 090 |
|
|
|a 26468
|
| 100 |
|
|
|a 20011209d1993 k y0rusy50 ca
|
| 101 |
0 |
|
|a rus
|
| 102 |
|
|
|a RU
|
| 105 |
|
|
|a a z 001zy
|
| 200 |
1 |
|
|a Аккреционная тектоника Восточной Камчатки
|f Под ред. Ю. М. Пущаровского
|
| 210 |
|
|
|a Москва
|c Наука
|d 1993
|
| 215 |
|
|
|a 271 с.
|c ил.
|
| 320 |
|
|
|a Библиогр.: с. 261-272 (272 назв.).
|
| 610 |
1 |
|
|a геология
|
| 610 |
1 |
|
|a тектоника
|
| 610 |
1 |
|
|a аккреционная тектоника
|
| 610 |
1 |
|
|a полуостров Камчатка
|
| 610 |
1 |
|
|a глубинная структура
|
| 610 |
1 |
|
|a магматизм
|
| 610 |
1 |
|
|a геохимия
|
| 610 |
1 |
|
|a петрология
|
| 610 |
1 |
|
|a геологическое строение
|
| 675 |
|
|
|a 551.24(571.6)
|v 3
|
| 702 |
|
1 |
|a Пущаровский
|b Ю. М.
|c российский геолог
|f 1916-2018
|g Юрий Михайлович
|2 stltpush
|3 (RuTPU)RU\TPU\pers\11530
|4 340
|9 2720
|
| 801 |
|
0 |
|a RU
|b 63413507
|c 20011209
|g PSBO
|
| 801 |
|
2 |
|a RU
|b 63413507
|c 20220228
|g RCR
|
| 942 |
|
|
|c BK
|